=LDR 00000nam 2200000 4500 =001 INLIS000000000051497 =990 ##$$a 21702598 =005 20241224093129 =990 ##$$a 21702600 =035 ##$$a 0010-0917000301 =990 ##$$a 21702599 =007 ta =990 ##$$a 21702597 =008 241224###########################0#ind## =990 ##$$a 21702596 =020 ##$$a 979-9409-08-x =082 ##$$a 028.5 =084 ##$$a 028.5 ABD d =100 #$$a Abdul Halim =245 1#$$a Diantara Dua Pohon Seruni /$c Abdul Halim =260 ##$$a [ sl ] :$b Wahana Ilmu,$c 2000 =300 ##$$a iv, 128 hlm : $b ilus. ; $c 21 cm =650 #4$$a Bacaan Kanak-Kanak =990 ##$$a 21702600 =990 ##$$a 21702599 =990 ##$$a 21702598 =990 ##$$a 21702597 =990 ##$$a 21702596